Adaptive Facades 2016 :

Salvato in:
Dettagli Bibliografici
Ente Autore: Adaptive Facades COST Training School 2016 Hamburg, Nemecko
Natura: Atti del Convegno Libro
Lingua:inglese
Pubblicazione: Hamburg : HafenCity University Hamburg, 2016
Tags: Aggiungi Tag
Nessun Tag, puoi essere il primo ad aggiungerne!!

MARC

LEADER 00000nam a22000003a 4500
001 0017721
003 SK-STU
005 20161007104821.3
007 ta
008 161007s ----xo-----e------100-0-----d
040 |a STU  |b slo 
041 0 |a eng 
044 |a gw 
111 2 |a Adaptive Facades COST Training School 2016  |d 12. - 17. 9. 2016  |c Hamburg, Nemecko 
245 1 0 |a Adaptive Facades 2016 :  |h Research Poster Abstracts. Hamburg, September 12-17, 2016 
260 |a Hamburg :  |b HafenCity University Hamburg,  |c 2016 
300 |a 77 s. 
996 |c V* 2378/sc-16  |l VV8  |s P  |a 0  |w 0017721_0001